00389nam a2200133Ia 450000500170000000800410001702000180005804000140007608200170009010000200010724500450012726000370017230000460020920231030115413.0230331s9999 xx 000 0 und d a9781848797659 ardac3228 aJ 551.5 PHIL aPhillips, Sarah 0aWeather: discover the wonders of weather aChina:bMake believe ideasc2011 a30 PagesbColoured illustrationsc17.5 cm